000 00350nam a2200145Ia 4500
008 240830s1993 xx 000 0 und d
041 _aeng
082 _a0 DAW
100 _aDAWN C.S.
245 _aTEXT BOOK OF OBSTERICS AND NEONATOLOGY
260 _bDAWN BOOKS CALCUTTA
_c1993
650 _aSTRI-ROG
906 _aN.D.
999 _c1194801
_d1194801